Využitie obnoviteľných zdrojov energie v priemysle = Exploitation of renewable power sources in industry : Diplomová práca
Na minha lista:
| Autor principal: | |
|---|---|
| Outros Autores: | |
| Formato: | Manuscrito Livro |
| Idioma: | eslovaco |
| Publicado em: |
Bratislava :
STU v Bratislave MtF KEBI,
2007
|
| Assuntos: | |
| Tags: |
Sem tags, seja o primeiro a adicionar uma tag!
|
MARC
| LEADER | 00000ntm a22000003a 4500 | ||
|---|---|---|---|
| 001 | stu142442 | ||
| 005 | 20160719155558.1 | ||
| 008 | 070615s2007----xo------------------slo-d | ||
| 040 | |a STU |b slo | ||
| 041 | 0 | |a slo | |
| 044 | |a xo | ||
| 100 | 1 | |a Sloboda, Peter |4 aut | |
| 245 | 1 | |a Využitie obnoviteľných zdrojov energie v priemysle = Exploitation of renewable power sources in industry : |b Diplomová práca | |
| 260 | |a Bratislava : |b STU v Bratislave MtF KEBI, |c 2007 | ||
| 300 | |a 69 s |c 1 CD-ROM | ||
| 500 | |a Program: Environmentálne a bezpečnostné inžinierstvo | ||
| 650 | 7 | |a obnoviteľné zdroje energie |2 stusub | |
| 700 | 1 | |a Hostin, Stanislav, |d 1953- |4 xxx |u M390 |U MTF Materiálovotechnologická fakulta |T MTF Katedra environmentálneho a bezpečnostného inžinierstva |X 2898 |U M390 |Y 177 |7 A000002898 | |
| 996 | |b 284M076304 |c M*DP-6636 |l MMSKP |s P |a 0 |w stu142442_0001 | ||